000 01024cas a2200289I 4500
003 OSt
005 20241215130813.0
008 090419c18569999fr mr p 0 b1fre
022 _a0014-1941
040 _aDLC
_cQPR
_dIUL
_dOCL
092 4 _a279.1505
_bE859
_221
099 _a\4
_a279.1505 E859
222 0 _aâEtudes.
245 0 0 _aâEtudes.
246 1 3 _aâEtvdes
300 _av.
_c24-26 cm.
310 _aMonthly,
_b19 -
321 _aMonthly,
_b18 -96
321 _aSemimonthly,
_b1897-1940
336 _atext
_2rda content
337 _aUnmediated
_2rdamedia
338 _avolume
_2rdacarrier
362 0 _at. 1-3, 1856-58; nouv. sâer., t. 1-3, mars 1859-dâec. 1861; nouv. sâer., t. 1-13, janv. 1862-dâec. 1867; 4. sâer., t. 1-6 (13.-15. annâee) janv. 1868-dâec. 1871; 5. sâer., t. 1-12 (16.-21. annâee) janv. 1872-dâec. 1877; 6. sâer., t. 1-5 (22.-24. annâee) janv. 1878-juin 1880; 25. annâee (t. 43- ) janv. 1888-
541 _aDeposit
905 _aamr
_eCat.
942 _cCR
_n0
999 _c109887
_d109887